[Event "Mechanics' Spring TNM; 30/90, SD/30"]
[Site "San Francisco"]
[Date "2014.04.29"]
[Round "7.14"]
[White "Abraham, Renjish"]
[Black "Campers, Willie"]
[Result "1-0"]
[WhiteElo "1867"]
[BlackElo "1663"]
[PlyCount "103"]
[EventDate "2014.??.??"]

1. c4 c5 2. Nc3 Nc6 3. Nf3 Nf6 4. g3 d6 5. Bg2 Be6 6. d3 Qc8 7. Ng5 Bd7 8. O-O
h6 9. Nge4 Nxe4 10. Bxe4 Bh3 11. Re1 g6 12. Bd2 Bg7 13. Qc1 Qd7 14. Rb1 Rb8 15.
a3 a5 16. Nd5 Qd8 17. b4 axb4 18. axb4 e6 19. Nf4 Bf5 20. Bxf5 exf5 21. e4 fxe4
22. Rxe4+ Kf8 23. bxc5 dxc5 24. Qa3 b6 25. Nd5 Nd4 26. Kg2 Kg8 27. Bf4 Rb7 28.
Qa6 Rd7 29. Rxb6 Ne6 30. Rb3 Rxd5 31. cxd5 Qxd5 32. Qc4 Nxf4+ 33. gxf4 Qd6 34.
Re8+ Kh7 35. Rxh8+ Kxh8 36. Qxf7 Kh7 37. Rb7 Qd4 38. Qxg7+ Qxg7 39. Rxg7+ Kxg7
40. Kf3 Kf6 41. Ke4 Ke6 42. h4 h5 43. f3 Kd6 44. d4 cxd4 45. Kxd4 Ke6 46. Kd3
Kd5 47. Ke3 Ke6 48. Ke4 Kf6 49. f5 g5 50. hxg5+ Kxg5 51. Ke5 h4 52. f6 1-0

[Event "Mechanics' Winter TNM; 30/90, SD/30"]
[Site "San Francisco"]
[Date "2014.02.04"]
[Round "5.13"]
[White "Abraham, Renjish"]
[Black "Chea, Na"]
[Result "1/2-1/2"]
[WhiteElo "1867"]
[BlackElo "1481"]
[PlyCount "110"]
[EventDate "2014.??.??"]

1. c4 c5 2. Nc3 Nc6 3. Nf3 Nf6 4. d4 cxd4 5. Nxd4 Qb6 6. Nb3 d6 7. e4 Bg4 8.
Be2 Bxe2 9. Qxe2 e6 10. Be3 Qb4 11. O-O a6 12. f4 Be7 13. Rab1 O-O 14. h3 Rac8
15. Nd2 Qa5 16. c5 dxc5 17. Nc4 Qc7 18. e5 Nd5 19. Nxd5 exd5 20. Nd2 d4 21. Bf2
b5 22. g4 f6 23. e6 Qxf4 24. Ne4 Qe5 25. Bg3 Qd5 26. b3 Kh8 27. Nd2 Bd6 28. Rf5
Ne5 29. Re1 Rce8 30. Nf3 Nxf3+ 31. Rxf3 Bxg3 32. Rxg3 Re7 33. Rf3 Rfe8 34. Rf5
Qxe6 35. Qxe6 Rxe6 36. Rxe6 Rxe6 37. Rxc5 h6 38. Rd5 Re2 39. a4 Re3 40. axb5
axb5 41. Rxd4 Rxh3 42. Rb4 Kh7 43. Kg2 Rc3 44. Rxb5 g5 45. b4 Rb3 46. Rb8 Kg7
47. b5 Kf7 48. b6 Ke7 49. b7 Kd7 50. Rf8 Rxb7 51. Rf7+ Kc8 52. Rf8+ Kc7 53.
Rf7+ Kc6 54. Rxf6+ Kd5 55. Rxh6 Ke5 1/2-1/2

[Event "Mechanics' Spring TNM; 30/90, SD/30"]
[Site "San Francisco"]
[Date "2014.04.08"]
[Round "4.14"]
[White "Abraham, Renjish"]
[Black "Eytan, David"]
[Result "1-0"]
[WhiteElo "1867"]
[BlackElo "1637"]
[PlyCount "83"]
[EventDate "2014.??.??"]

1. c4 f5 2. d4 Nf6 3. Nc3 e6 4. Nf3 Bb4 5. a3 Bxc3+ 6. bxc3 O-O 7. e3 Nc6 8.
Be2 Ne4 9. Qc2 Ne7 10. O-O Ng6 11. Bd3 d5 12. cxd5 exd5 13. Rb1 Nh4 14. Nxh4
Qxh4 15. f3 Ng5 16. Bd2 Rf6 17. Be1 Qh5 18. Bg3 c6 19. c4 dxc4 20. Bxc4+ Be6
21. Rxb7 Bd5 22. Bxd5+ cxd5 23. Qc5 Rd8 24. Qxa7 Ne6 25. Be5 Rg6 26. Qa5 Qg5
27. Qd2 Rc8 28. Rb2 Qh5 29. a4 Ng5 30. Bg3 Ra6 31. a5 Rca8 32. Rb5 Rd8 33. Rb6
Rxb6 34. axb6 Qf7 35. Bc7 Re8 36. Ra1 Qe7 37. Ra7 Ne6 38. Be5 Qd8 39. b7 Nc7
40. Qa5 Rxe5 41. dxe5 Qb8 42. Ra8 1-0

[Event "Mechanics' Fall TNM; 30/90, SD/30"]
[Site "San Francisco"]
[Date "2014.10.28"]
[Round "2.28"]
[White "Abraham, Renjish"]
[Black "Gomboluudev, Enkhjin"]
[Result "1-0"]
[WhiteElo "1840"]
[BlackElo "1464"]
[PlyCount "43"]
[EventDate "2014.??.??"]

1. c4 c5 2. Nc3 Nc6 3. Nf3 g6 4. e3 Nf6 5. d4 cxd4 6. exd4 d6 7. d5 Ne5 8. Be2
Ned7 9. O-O Bg7 10. Be3 O-O 11. Rc1 Nb6 12. b4 Bf5 13. Nd4 Bd7 14. Qb3 Rc8 15.
c5 Na8 16. cxd6 exd6 17. Rfd1 Re8 18. Ndb5 Bxb5 19. Bxb5 Re7 20. Bd3 Rec7 21.
Be2 Nb6 22. a4 {Black lost on time.} 1-0

[Event "Mechanics' Spring TNM; 30/90, SD/30"]
[Site "San Francisco"]
[Date "2014.05.06"]
[Round "8.7"]
[White "Abraham, Renjish"]
[Black "Manvelyan, Hovik"]
[Result "1/2-1/2"]
[WhiteElo "1867"]
[BlackElo "2030"]
[Annotator "Donaldson"]
[PlyCount "108"]
[EventDate "2014.??.??"]

1. c4 e5 2. g3 Nf6 3. Bg2 d5 4. cxd5 Nxd5 5. Nc3 Nb6 6. Nf3 Nc6 7. O-O Be7 8.
b3 O-O 9. Bb2 f5 10. e3 Bf6 11. Ne2 Be6 12. d4 e4 13. Ne1 Nd5 14. Nc2 Ncb4 15.
Nxb4 Nxb4 16. Nf4 Bf7 17. f3 g5 18. Ne2 exf3 19. Bxf3 Nd5 20. Qd3 Qe7 21. Bxd5
Bxd5 22. Nc3 Be6 23. Nb5 Qd7 24. Rac1 c6 25. Nc3 Bg7 26. Rcd1 Bd5 27. Nxd5 Qxd5
28. Rc1 b6 29. Qc4 Qxc4 30. Rxc4 c5 31. Ba3 f4 32. dxc5 fxg3 33. hxg3 bxc5 34.
Bxc5 Rfe8 35. Ra4 a6 36. Rf5 h6 37. Kf2 Re6 38. Kf3 Kh7 39. Re4 Rae8 40. Rxe6
Rxe6 41. e4 Kg6 42. g4 Be5 43. b4 Bd6 44. a4 Bxc5 45. bxc5 h5 46. gxh5+ Kxh5
47. Rd5 Kh4 48. Rd6 g4+ 49. Ke3 Re5 50. Kf4 Rxc5 51. Rh6+ Rh5 {Diagram #} 52.
Rxh5+ $4 ({
White has played very well up this point but here he misses the win with} 52.
Rg6 $1) 52... Kxh5 53. e5 g3 54. e6 Kg6 1/2-1/2

[Event "Mechanics' Winter TNM; 30/90, SD/30"]
[Site "San Francisco"]
[Date "2014.01.21"]
[Round "3.24"]
[White "Abraham, Renjish"]
[Black "Otterbach, Renate"]
[Result "1-0"]
[WhiteElo "1867"]
[BlackElo "1132"]
[PlyCount "91"]
[EventDate "2014.??.??"]

1. c4 e5 2. g3 Nf6 3. Bg2 c6 4. d4 Qb6 5. e3 e4 6. d5 Bb4+ 7. Bd2 d6 8. Nc3
Bxc3 9. Bxc3 Bg4 10. Qc2 Nbd7 11. Bxe4 cxd5 12. cxd5 O-O 13. Bg2 Rac8 14. Qd2
Ne5 15. b3 Rfe8 16. f3 Qa6 17. Bxe5 Rxe5 18. fxg4 Nxg4 19. e4 Qb6 20. Nh3 Ne3
21. Bf3 Nc2+ 22. Ke2 Nd4+ 23. Kf1 Nxf3 24. Qd3 Nd4 25. Rd1 Nc2 26. Rd2 Ne3+ 27.
Ke2 Nf5 28. Re1 Rce8 29. Kf1 Nh6 30. Rde2 Ng4 31. Qf3 Nh6 32. Nf4 Qb5 33. Nd3
Rg5 34. Kg2 f5 35. e5 Rg4 36. e6 Re7 37. Nf4 Qe8 38. Rc2 g5 39. h3 gxf4 40.
hxg4 Nxg4 41. gxf4 Qh5 42. Qh3 Qg6 43. Qg3 h5 44. Rc3 h4 45. Rc8+ Kg7 46. Qxh4
1-0

[Event "Mechanics' Fall TNM; 30/90, SD/30"]
[Site "San Francisco"]
[Date "2014.12.09"]
[Round "7.13"]
[White "Abraham, Renjish"]
[Black "Sahin, Ozgur"]
[Result "1/2-1/2"]
[WhiteElo "1840"]
[BlackElo "1969"]
[PlyCount "98"]
[EventDate "2014.??.??"]

1. c4 e5 2. g3 Nf6 3. Bg2 Nc6 4. Nf3 Bc5 5. O-O d6 6. Nc3 O-O 7. a3 a6 8. e3 h6
9. b4 Ba7 10. d3 Rb8 11. Qa4 Bf5 12. Rd1 Ne7 13. d4 exd4 14. exd4 c6 15. c5 Ng6
16. d5 cxd5 17. Nxd5 dxc5 18. Nxf6+ Qxf6 19. Be3 Bg4 20. Ne1 Bxd1 21. Rxd1 Qe7
22. Rd7 Qe8 23. Qd1 Qc8 24. Qd3 Rd8 25. Rxd8+ Qxd8 26. Qxd8+ Rxd8 27. Bxb7 Rd1
28. Kf1 Ra1 29. bxc5 Rxa3 30. c6 Bxe3 31. fxe3 Rc3 32. Bxa6 Rxc6 33. Be2 Ne5
34. Kf2 f5 35. Nd3 Nxd3+ 36. Bxd3 Kf7 37. Kf3 Kf6 38. h3 Ke5 39. g4 fxg4+ 40.
hxg4 g5 41. Bh7 Rf6+ 42. Ke2 Rb6 43. Kf3 Rb2 44. Bg6 Kf6 45. Be8 Rh2 46. Kg3
Rh1 47. Kg2 Rh4 48. Kg3 Ke5 49. Bg6 Rh1 1/2-1/2

[Event "Mechanics' Fall TNM; 30/90, SD/30"]
[Site "San Francisco"]
[Date "2014.12.02"]
[Round "6.22"]
[White "Abraham, Renjish"]
[Black "Starr, Albert"]
[Result "1-0"]
[WhiteElo "1840"]
[BlackElo "1517"]
[PlyCount "85"]
[EventDate "2014.??.??"]

1. c4 e6 2. g3 Nf6 3. Bg2 c6 4. Nf3 d5 5. cxd5 exd5 6. d4 Bb4+ 7. Nc3 O-O 8.
O-O h6 9. Qd3 Bg4 10. a3 Bd6 11. b4 a6 12. e4 dxe4 13. Nxe4 Bc7 14. Nxf6+ Qxf6
15. Bb2 Nd7 16. Nd2 Rfe8 17. Ne4 Qd8 18. d5 Ne5 19. Qc3 f6 20. f4 cxd5 21.
Nxf6+ Qxf6 22. Qxc7 Qc6 23. Bxe5 Qxc7 24. Bxc7 Rac8 25. Be5 Red8 26. h3 Be2 27.
Rfe1 Bc4 28. Bd4 Re8 29. Rxe8+ Rxe8 30. Bf3 b5 31. Kf2 g6 32. Rc1 Kf7 33. Rc3
h5 34. Re3 Rxe3 35. Kxe3 Ke6 36. g4 hxg4 37. Bxg4+ Kd6 38. Be5+ Ke7 39. Bc8 Bf1
40. Bxa6 Bxh3 41. Bxb5 Bc8 42. Kd4 Bb7 43. Bd3 1-0

[Event "Mechanics' Fall TNM; 30/90, SD/30"]
[Site "San Francisco"]
[Date "2014.11.18"]
[Round "4.10"]
[White "Abraham, Renjish"]
[Black "Tsodikova, Natalya"]
[Result "0-1"]
[WhiteElo "1840"]
[BlackElo "2162"]
[Annotator "Donaldson"]
[PlyCount "48"]
[EventDate "2014.??.??"]

1. c4 e5 2. g3 Nc6 3. Bg2 d6 4. Nc3 Be6 5. b3 g6 6. Bb2 Bg7 7. d3 Qd7 8. Nf3
Bh3 9. O-O Bxg2 10. Kxg2 Nge7 11. a3 O-O 12. b4 d5 13. Qb3 d4 14. Ne4 h6 15.
Rad1 Kh7 16. Nc5 Qc8 17. Qc2 Nd8 18. Bc1 b6 19. Nb3 c5 20. bxc5 bxc5 21. e4 Ne6
22. Nbd2 g5 23. Rde1 Ng6 24. Rh1 {Diagram #} Nef4+ $1 0-1

[Event "Mechanics' SummerTNM; 30/90, SD/30"]
[Site "San Francisco"]
[Date "2014.05.27"]
[Round "1.20"]
[White "Afkham-Ebrahimi, Payam"]
[Black "Frank, Robert"]
[Result "1-0"]
[WhiteElo "1897"]
[BlackElo "1341"]
[PlyCount "37"]
[EventDate "2014.??.??"]

1. f4 d5 2. g3 b6 3. Bg2 Bb7 4. d3 Nd7 5. c4 c6 6. b3 dxc4 7. bxc4 Qc7 8. d4 e6
9. e4 Bb4+ 10. Nd2 O-O-O 11. Ngf3 h5 12. Qb3 Ba5 13. O-O Ngf6 14. e5 Ng4 15.
Ne4 Nh6 16. Nd6+ Kb8 17. Ng5 Rdf8 18. Ba3 f6 19. Nxe6 1-0

[Event "Mechanics' Spring TNM; 30/90, SD/30"]
[Site "San Francisco"]
[Date "2014.03.25"]
[Round "2.2"]
[White "Afkham-Ebrahimi, Payam"]
[Black "Lee, Andy"]
[Result "0-1"]
[WhiteElo "1897"]
[BlackElo "2320"]
[Annotator "Donaldson"]
[PlyCount "90"]
[EventDate "2014.??.??"]

1. e4 e5 2. Nf3 Nc6 3. Bc4 Nf6 4. d3 Bc5 5. O-O a6 6. a3 d6 7. Bg5 h6 8. Bh4 g5
9. Bg3 Qe7 ({Here} 9... h5 {was an aggressive alternative with the point that}
10. Nxg5 {can be met by} h4 $1 11. Nxf7 Qe7 12. Nxh8 hxg3 13. hxg3 Qh7 {
and Black is better. The idea of ...g5 and ...h5 is often worth considering
when White commits his king to g1 early on.}) 10. b4 Ba7 11. Nc3 $2 (11. Nbd2 {
was better.}) 11... Bg4 12. h3 $2 {Diagram #} Bh5 (12... Bxf3 $1 13. Qxf3 Bd4
14. Nd5 Nxd5 15. exd5 Bxa1 16. dxc6 b5 {
and White doesn't have enough for the exchange.}) 13. Nd5 $2 (13. Nb1 {
followed by Nbd2 might be best despite the large amount of time lost.}) 13...
Nxd5 14. Bxd5 Qf6 15. c3 Bxf3 16. gxf3 O-O {Now the game is similar to
Winter-Capablanca, Hastings 1919. White is effectively a piece down as the
bishop on g3 is buried.} 17. Kg2 Nd8 18. Rh1 c6 19. Bb3 Ne6 20. Rh2 Kg7 21. Qd2
Qe7 22. Rah1 Rh8 23. h4 f6 24. Bxe6 Qxe6 25. d4 Bb6 26. d5 cxd5 27. hxg5 hxg5
28. Rxh8 Rxh8 29. Rxh8 Kxh8 30. exd5 Qf5 31. Qe2 Kg7 32. a4 Qd7 33. a5 Ba7 34.
Qc4 f5 35. Qe2 Kf6 36. c4 Bd4 37. Qd3 Qa4 38. f4 gxf4 39. Bxf4 Qxb4 40. Bd2 Qb2
41. Qh3 Qxd2 42. Qh8+ Kg5 43. Qg7+ Kh5 44. Kh3 Qh6 45. Qg4+ fxg4+ 0-1

[Event "Mechanics' Spring TNM; 30/90, SD/30"]
[Site "San Francisco"]
[Date "2014.04.22"]
[Round "6.12"]
[White "Afkham-Ebrahimi, Payam"]
[Black "Poling, Scott"]
[Result "1-0"]
[WhiteElo "1897"]
[BlackElo "1659"]
[PlyCount "77"]
[EventDate "2014.??.??"]

1. d4 d5 2. Bf4 Nf6 3. e3 e6 4. Nf3 Bd6 5. Bd3 Bxf4 6. exf4 c5 7. O-O cxd4 8.
Nxd4 Nc6 9. Nb3 Qc7 10. Qd2 a5 11. Nc3 Nb4 12. Be2 Bd7 13. a3 Na6 14. Nb5 Qb6
15. Qxa5 Qxa5 16. Nxa5 b6 17. Nb3 Ke7 18. N5d4 Nc5 19. Nd2 Na4 20. Rab1 Rhc8
21. Rfe1 Nc5 22. Bf3 Ra4 23. b4 Nb7 24. c4 Kd6 25. Re3 Rca8 26. Nc2 Bc6 27. Rd3
Kc7 28. Re1 dxc4 29. Nxc4 Bxf3 30. Rxf3 Nd5 31. f5 Nd8 32. fxe6 fxe6 33. Nd4
Kd7 34. g3 Rc8 35. Ne5+ Ke7 36. Nb5 Rc2 37. Rd3 Nf6 38. Rd6 Nd5 39. Rd7+ 1-0

[Event "Mechanics' SummerTNM; 30/90, SD/30"]
[Site "San Francisco"]
[Date "2014.06.10"]
[Round "3.15"]
[White "Afkham-Ebrahimi, Payam"]
[Black "Rakonitz, David"]
[Result "1-0"]
[WhiteElo "1897"]
[BlackElo "1558"]
[PlyCount "71"]
[EventDate "2014.??.??"]

1. f4 Nf6 2. Nf3 e6 3. Nc3 b6 4. e4 Bb7 5. e5 Nd5 6. d4 Nxc3 7. bxc3 c5 8. Bd3
Na6 9. O-O Be7 10. Ng5 h6 11. Qh5 Bxg5 12. fxg5 Qe7 13. gxh6 gxh6 {Diagram #}
14. Rxf7 Qxf7 15. Bg6 Qxg6 16. Qxg6+ Kd8 17. Bxh6 Kc7 18. Rf1 Rhg8 19. Bg7 Rae8
20. Rf7 Nb8 21. dxc5 bxc5 22. Qd3 Kc8 23. Qd6 Bc6 24. h4 Na6 25. h5 Rxg7 26.
Rxg7 Rh8 27. g4 Nc7 28. Qxc5 Kb7 29. a4 Nd5 30. a5 Nc7 31. Kh2 Na6 32. Qd6 Nc7
33. c4 Ne8 34. Rxd7+ Bxd7 35. Qxd7+ Nc7 36. a6+ 1-0

[Event "Mechanics' Spring TNM; 30/90, SD/30"]
[Site "San Francisco"]
[Date "2014.04.29"]
[Round "7.9"]
[White "Afkham-Ebrahimi, Payam"]
[Black "Sherwood, Peter"]
[Result "1-0"]
[WhiteElo "1897"]
[BlackElo "1808"]
[PlyCount "71"]
[EventDate "2014.??.??"]

1. f4 d5 2. Nf3 Nf6 3. d3 e6 4. g3 Nc6 5. Bg2 Bc5 6. Nc3 a6 7. e3 O-O 8. d4 Be7
9. O-O b5 10. b3 Bb7 11. Qe2 Rc8 12. Bb2 Ne8 13. e4 dxe4 14. Nxe4 Nf6 15. Nf2
Nd5 16. c4 bxc4 17. bxc4 Nf6 18. Rad1 Qe8 19. Rfe1 Bb4 20. Rf1 Be7 21. Ne5 Nd8
22. d5 Bc5 23. Kh1 exd5 24. cxd5 Qb5 25. Qc2 Bd6 26. a4 Qc5 27. Qd3 Qb4 28. Nc4
Qxa4 29. Bxf6 gxf6 30. Be4 h6 31. Ng4 Kg7 32. Nce3 Re8 33. Nf5+ Kh8 34. Nxf6
Rxe4 35. Nxe4 Qb4 36. Rb1 1-0

[Event "Mechanics' SummerTNM; 30/90, SD/30"]
[Site "San Francisco"]
[Date "2014.06.24"]
[Round "5.6"]
[White "Afkham-Ebrahimi, Payam"]
[Black "Uzzaman, Ashik"]
[Result "0-1"]
[WhiteElo "1897"]
[BlackElo "2086"]
[PlyCount "60"]
[EventDate "2014.??.??"]

1. e4 c5 2. Bc4 Nc6 3. d3 g6 4. f4 Bg7 5. Nf3 e6 6. Nc3 a6 7. a4 Nge7 8. e5 d5
9. exd6 Nf5 10. Ne4 Nxd6 11. Nxd6+ Qxd6 12. O-O O-O 13. Qe1 b6 14. Qh4 Nd4 15.
Ng5 h6 16. Ne4 Qd8 17. Qxd8 Rxd8 18. c3 Nf5 19. g4 Nd6 20. Nxd6 Rxd6 21. Kf2
Rb8 22. Ke2 b5 23. axb5 axb5 24. Bb3 b4 25. c4 e5 26. h3 Bb7 27. Ra5 exf4 28.
Bxf4 Re8+ 29. Kd2 Rde6 30. Rf2 Bd4 0-1

[Event "Mechanics' Winter TNM; 30/90, SD/30"]
[Site "San Francisco"]
[Date "2014.02.18"]
[Round "7.37"]
[White "Agdamag, Samuel"]
[Black "Casares, Nick Jr"]
[Result "1-0"]
[WhiteElo "1487"]
[BlackElo "1600"]
[PlyCount "113"]
[EventDate "2014.??.??"]

1. e4 e5 2. Bc4 Nf6 3. d4 d5 4. dxe5 dxc4 5. Qxd8+ Kxd8 6. exf6 gxf6 7. Nc3 Nc6
8. Bf4 Ne5 9. O-O-O+ Bd7 10. f3 Bd6 11. Nd5 Be7 12. Ne2 c6 13. Nxe7 Kxe7 14.
Nc3 h5 15. Na4 b6 16. h4 b5 17. Nc5 Bc8 18. Rd2 a5 19. Rhd1 a4 20. a3 b4 21.
axb4 a3 22. Kb1 Be6 23. Bxe5 fxe5 24. Nxe6 fxe6 25. Rd7+ Kf6 26. Rc7 axb2 27.
Kxb2 Ra4 28. Kc3 Rb8 29. Rb1 Rg8 30. Rg1 Rd8 31. Kxc4 Rd4+ 32. Kc5 Rdxb4 33.
Kxc6 Rc4+ 34. Kd7 Rd4+ 35. Kc8 Ra8+ 36. Kb7 Ra2 37. Rb1 Rd2 38. Rg1 Rb2+ 39.
Kc8 Rbxc2 40. Rxc2 Rxc2+ 41. Kb7 Rd2 42. Kc6 Kf7 43. Kc5 Kf6 44. Kc4 Kg6 45.
Kc3 Rd4 46. Kc2 Rd7 47. Rd1 Rxd1 48. Kxd1 Kf6 49. Kc2 Kf7 50. Kc3 Ke7 51. Kc4
Kd7 52. Kc5 Kc7 53. g4 hxg4 54. fxg4 Kd7 55. g5 Ke7 56. h5 Kf7 57. Kd6 1-0

[Event "Mechanics' Winter TNM; 30/90, SD/30"]
[Site "San Francisco"]
[Date "2014.02.04"]
[Round "5.35"]
[White "Agdamag, Samuel"]
[Black "Otterbach, Renate"]
[Result "1-0"]
[WhiteElo "1487"]
[BlackElo "1132"]
[Annotator "Donaldson"]
[PlyCount "79"]
[EventDate "2014.??.??"]

1. e4 e6 2. d4 d5 3. Nd2 Nf6 4. e5 Nfd7 5. Ngf3 c5 6. c3 Nc6 7. Bb5 cxd4 8.
Bxc6 bxc6 9. cxd4 Ba6 10. Qa4 Qb6 11. a3 Bd3 12. b4 Be7 13. Qb3 Qa6 14. Bb2 O-O
15. a4 Bg6 16. b5 Qa5 17. Bc3 Qc7 18. O-O cxb5 19. axb5 Rfb8 20. Rfc1 Qb7 21.
Rcb1 Bxb1 22. Rxb1 Qb6 (22... a6 23. bxa6 Qxb3) 23. Qc2 f6 (23... a6 24. bxa6
Qxa6) 24. g4 fxe5 25. dxe5 Rf8 26. Bd4 Bc5 27. Bxc5 Nxc5 28. Ng5 Ne4 29. Ndxe4
dxe4 30. Rf1 (30. Qxe4 $1 Qxf2+ 31. Kh1) 30... Rf4 31. h3 Re8 $2 (31... Raf8 $1
) 32. Nxe4 Ref8 33. Ng5 g6 34. Qa2 Re8 35. Rd1 Rd4 $2 (35... Qc5) 36. Rxd4 Qxd4
37. Nxe6 Qd1+ 38. Kg2 Kh8 39. Qc4 Re7 (39... Qd7) 40. Qc8+ 1-0

[Event "Mechanics' Winter TNM; 30/90, SD/30"]
[Site "San Francisco"]
[Date "2014.01.14"]
[Round "2.16"]
[White "Agdamag, Samuel"]
[Black "Wong, Russell"]
[Result "0-1"]
[WhiteElo "1487"]
[BlackElo "2200"]
[PlyCount "80"]
[EventDate "2014.??.??"]

1. e4 Nf6 2. e5 Nd5 3. d4 d6 4. c4 Nb6 5. Nf3 Bg4 6. Be2 Nc6 7. b3 dxe5 8. Nxe5
Bxe2 9. Qxe2 Nxd4 10. Qd1 Qd6 11. Nd3 O-O-O 12. O-O Nf5 13. Nb2 Qxd1 14. Rxd1
Nd4 15. Na3 e6 16. Nb5 Nxb5 17. Rxd8+ Kxd8 18. cxb5 Be7 19. Bf4 Nd5 20. Rd1 Kc8
21. Bg3 Nc3 22. Rd2 Nxb5 23. a4 Nd6 24. Nd3 Ne4 25. Rc2 Nxg3 26. hxg3 Rd8 27.
Ne5 f6 28. Nc4 Rd1+ 29. Kh2 Bb4 30. Ne3 Rb1 31. Rc4 Rxb3 32. Nc2 Rc3 33. Rxc3
Bxc3 34. f3 c6 35. Kg1 b5 36. axb5 cxb5 37. Kf1 a5 38. Ke2 Kb7 39. Kd1 Kb6 40.
Kc1 Kc5 0-1

[Event "Mechanics' Fall TNM; 30/90, SD/30"]
[Site "San Francisco"]
[Date "2014.12.16"]
[Round "8.24"]
[White "Allen, Tom"]
[Black "Anderson, Michael Gene"]
[Result "0-1"]
[WhiteElo "1440"]
[BlackElo "1992"]
[Annotator "Donaldson"]
[PlyCount "48"]
[EventDate "2014.??.??"]

1. e4 c5 2. d4 cxd4 3. c3 dxc3 4. Nxc3 Nc6 5. Nf3 a6 6. Bc4 e6 7. O-O d6 8. Qe2
Bd7 9. Rd1 Be7 10. Be3 (10. Bf4 e5 11. Be3 Nf6 12. Rac1 {
is more common here. It is useful for White to have access to the d5 square.})
10... Nf6 11. Na4 $2 (11. Rac1) 11... b5 12. Nb6 bxc4 13. Nxa8 Qxa8 14. Qxc4
O-O 15. e5 $2 (15. Bg5 {was the last chance to resist.}) 15... Nxe5 16. Nxe5
dxe5 17. Bg5 Bc6 18. Bxf6 Bxf6 19. Rd6 Bxg2 20. Qg4 Bf3 21. Qc4 Qb8 22. Rd2 e4
23. Qxa6 Qf4 24. Qd6 Be5 0-1

[Event "Mechanics' Winter TNM; 30/90, SD/30"]
[Site "San Francisco"]
[Date "2014.02.18"]
[Round "7.20"]
[White "Allen, Tom"]
[Black "Campers, Willie"]
[Result "1/2-1/2"]
[WhiteElo "1495"]
[BlackElo "1791"]
[PlyCount "79"]
[EventDate "2014.??.??"]

1. e4 e6 2. d4 d5 3. Nd2 Be7 4. Ngf3 Nf6 5. e5 Nfd7 6. Bd3 c5 7. c3 Nc6 8. Nf1
b6 9. Ng3 cxd4 10. Bb5 Qc7 11. Bxc6 Qxc6 12. cxd4 Ba6 13. Ne2 Qb5 14. a4 Qc4
15. b3 Bb4+ 16. Bd2 Bxd2+ 17. Nxd2 Qd3 18. Rc1 O-O 19. Rc3 Qg6 20. O-O Rac8 21.
Nb1 Rxc3 22. Nbxc3 Rc8 23. Re1 Bd3 24. Nf4 Qf5 25. Qxd3 Qxf4 26. Qe3 Qf5 27.
Rc1 a6 28. h3 f6 29. g4 Qg6 30. exf6 Qxf6 31. f4 Nf8 32. Ne2 Rxc1+ 33. Nxc1 Qg6
34. Qd3 Qh6 35. Qe3 Kf7 36. Nd3 Nd7 37. Kg2 a5 38. Ne5+ Ke7 39. Kg3 Nxe5 40.
Qxe5 1/2-1/2

[Event "Mechanics' Fall TNM; 30/90, SD/30"]
[Site "San Francisco"]
[Date "2014.12.02"]
[Round "6.29"]
[White "Allen, Tom"]
[Black "Casares, Nick"]
[Result "1-0"]
[WhiteElo "1440"]
[BlackElo "1600"]
[PlyCount "47"]
[EventDate "2014.??.??"]

1. e4 e5 2. Nf3 Nc6 3. d4 exd4 4. c3 dxc3 5. Bc4 Bc5 6. Bxf7+ Kxf7 7. Qd5+ Kf8
8. Qxc5+ d6 9. Qxc3 Nf6 10. O-O h6 11. Re1 Ne5 12. Nxe5 dxe5 13. Qxe5 Kg8 14.
Nc3 c6 15. Be3 Ng4 16. Qc5 Qc7 17. f4 Qf7 18. Rad1 Kh7 19. Bc1 Nf6 20. e5 Nh5
21. Rf1 Bf5 22. Rd6 Rad8 23. Rfd1 Qe7 24. Rxh6+ 1-0

[Event "Mechanics' Winter TNM; 30/90, SD/30"]
[Site "San Francisco"]
[Date "2014.02.04"]
[Round "5.20"]
[White "Allen, Tom"]
[Black "Drane, Robert"]
[Result "0-1"]
[WhiteElo "1495"]
[BlackElo "1800"]
[PlyCount "34"]
[EventDate "2014.??.??"]

1. e4 Nf6 2. Nc3 e5 3. Nf3 Nc6 4. Bb5 d6 5. O-O Bg4 6. d3 a6 7. Ba4 b5 8. Bb3
Nd4 9. Bg5 h6 10. Bh4 g5 11. Bg3 Qd7 12. Nd5 Nxd5 13. Bxd5 c6 14. Bb3 f5 15. h3
Bxf3 16. gxf3 f4 17. Bh2 Qxh3 0-1

[Event "Mechanics' Spring TNM; 30/90, SD/30"]
[Site "San Francisco"]
[Date "2014.03.25"]
[Round "2.16"]
[White "Allen, Tom"]
[Black "Krasnov, Steven"]
[Result "0-1"]
[WhiteElo "1496"]
[BlackElo "2007"]
[PlyCount "82"]
[EventDate "2014.??.??"]

1. e4 e6 2. d4 d5 3. Nd2 Be7 4. Ngf3 Nf6 5. e5 Nfd7 6. Bd3 c5 7. c3 Nc6 8. O-O
cxd4 9. cxd4 a5 10. a4 Qb6 11. Nb3 O-O 12. Bb5 h6 13. Be3 f5 14. exf6 Bxf6 15.
Ne5 Qc7 16. Ng6 Rf7 17. Qg4 Nf8 18. Nxf8 Kxf8 19. Bxc6 bxc6 20. Qg6 Rb8 21. Qc2
Qb6 22. Nxa5 Qxa5 23. Qxc6 Qa6 24. Qc2 Rfb7 25. Ra2 Bd7 26. a5 Bb5 27. Rc1 Bc4
28. Ra3 Rxb2 29. Qg6 Qb7 30. Bxh6 Qf7 31. Qxf7+ Kxf7 32. Bf4 Rb1 33. Rac3 Rxc1+
34. Rxc1 Ra8 35. Be3 Rxa5 36. g3 Kg6 37. Kg2 Kf5 38. Kf3 Ra2 39. Rb1 Be2+ 40.
Kg2 Bd3 41. Kh3 Bxb1 0-1

[Event "Mechanics' Whitehead TNM; 30/90, SD/30"]
[Site "San Francisco"]
[Date "2014.08.12"]
[Round "2.17"]
[White "Allen, Tom"]
[Black "Krasnov, Steven"]
[Result "0-1"]
[WhiteElo "1440"]
[BlackElo "2002"]
[PlyCount "87"]
[EventDate "2014.??.??"]

1. e4 g6 2. d4 Bg7 3. Nf3 d6 4. Nc3 Nf6 5. Bc4 a6 6. a4 O-O 7. O-O Nc6 8. Bf4
Bg4 9. Be3 Nxe4 10. Bxf7+ Rxf7 11. Nxe4 e5 12. Neg5 Rf8 13. h3 Bf5 14. dxe5
dxe5 15. Nd2 h6 16. Ngf3 b6 17. c3 Bd3 18. Qb3+ Kh7 19. Rfd1 Na5 20. Qa2 Qe8
21. b4 Nc6 22. Nb3 Rd8 23. Ne1 Bc4 24. Qc2 Qe6 25. Nd2 Be2 26. Rdc1 Rd7 27. Ne4
Bc4 28. Rab1 Ne7 29. Rd1 Nd5 30. Qc1 Nxe3 31. Qxe3 Rxd1 32. Rxd1 Bb3 33. Ra1
Qc6 34. a5 Bd5 35. f3 Bxe4 36. fxe4 bxa5 37. Rxa5 Rf4 38. Rd5 Qc4 39. Rc5 Qxe4
40. Qxe4 Rxe4 41. Nd3 Re3 42. Nf2 e4 43. Rxc7 Rxc3 44. Nxe4 $4 0-1

[Event "Mechanics' Winter TNM; 30/90, SD/30"]
[Site "San Francisco"]
[Date "2014.01.28"]
[Round "4.13"]
[White "Allen, Tom"]
[Black "Maser, Thomas"]
[Result "0-1"]
[WhiteElo "1495"]
[BlackElo "1947"]
[PlyCount "44"]
[EventDate "2014.??.??"]

1. e4 e5 2. Nf3 Nc6 3. d4 exd4 4. c3 d5 5. exd5 Qxd5 6. cxd4 Bg4 7. Be2 Bb4+ 8.
Nc3 Qa5 9. a3 Bxf3 10. Bxf3 Bxc3+ 11. bxc3 Qxc3+ 12. Bd2 Qxd4 13. O-O Nge7 14.
Ra2 O-O 15. Qb3 Qb6 16. Qc3 Nd4 17. Bd1 c5 18. Rb2 Qc6 19. Re1 Rfe8 20. Bf3
Nxf3+ 21. Qxf3 Qxf3 22. gxf3 b6 0-1